01069nas a2200265Ia 4500001001600000003001000016005001700026008004100043040002500084041000700109100003400116245007800150250004400228260000900272300001300281310001200294500013100306650001500437654001200452700012300464942001200587999001900599999000700618952017800625A03/R024-43492 IT-MiCISF20241217103705.0161014c99999999xx |||||||||||| ||und|| aIT-MiCISFcIT-MiCISF ait aBenedetto XVI (et al.)961167 0aComunicazione e infanzia. Spunti per la 41° giornata delle comunicazioni a"Famiglia oggi", n. 5-6, maggio-giugno  c2007 app. 8-63 amensile amassmedia, educazione-bambini, scuola, comunicazione, evangelizzazione, pastorale-giovanile, tempo-libero, educazione-genitori amass-media adossier aBelletti F., D'Amato M., Rivoltella P.C., Oliverio Ferraris A., Pezzini P., Boretti L., Aroldi P., Cesarato T.961168 cCR2ddc c243656d243656 bSi 0010406A_03_000000000000000_R0244349271aCISFbCISFd2016-10-14l0oA03/R024-43492 r2016-10-14 00:00:00w2016-10-14yCRzData import 15.10.2016 / by Epidotti, Vaglietti